000 02198cam a2200361 4500500
005 20260222003143.0
041 _afre
042 _adc
100 1 0 _aBelkaïd, Akram
_eauthor
245 0 0 _aLe football au cœur de la contestation
260 _c2021.
500 _a85
520 _aEn Algérie, le football a toujours eu une influence allant au-delà de la simple sphère sportive. Dans les tribunes des stades, il a permis aux supporters d’être les porte-voix de la revendication nationaliste durant la période coloniale puis les relais de l’opposition au régime du parti-unique après l’indépendance. En 2019, le Hirak, ce mouvement populaire de protestation pacifique contre le régime, a bénéficié de la créativité musicale et de la cohésion des groupes d’« ultras » des grands clubs habitués à se confronter aux forces de l’ordre. Les chants et slogans entonnés dans les stades dès le milieu des années 2010 étaient d’ailleurs annonciateurs du Hirak.
520 _aIn Algeria, football has always had an influence that goes beyond sport. In stadium stands, he allowed supporters to voice the nationalist demands during the colonial period and then relay the opposition to the one-party regime after independence. In 2019, the Hirak, this popular movement of peaceful protest against the regime, benefited from the musical creativity and the cohesion of groups of « ultras » from the big clubs used to confronting the police. The songs and slogans sung in the stadiums from the mid-2010s were also heralds of the Hirak.
690 _a« wanetoutrisme »
690 _aCasa del Mouradia
690 _aer
690 _afootball
690 _aincidents du 1
690 _amai 2018
690 _anationalisme
690 _aultras
690 _a“wanetoutrism”
690 _a2018
690 _aCasa del Mouradia
690 _afootball
690 _aHirak
690 _aincidents of May 1
690 _anationalism
690 _aultras
786 0 _nMaghreb - Machrek | 245 | 3 | 2021-03-10 | p. 5-11 | 1762-3162
856 4 1 _uhttps://shs.cairn.info/revue-maghreb-machrek-2020-3-page-5?lang=fr&redirect-ssocas=7080
999 _c1667107
_d1667107